LEADER 01266nam a2200241 i 4500 001 000000182420 003 CaOOAMICUS 005 20230911153134.0 008 091022s1933 it u000 u ita u 013 $a160375 040 $aSeMil$bita 100 1 $aAlbrecht, Giustino.$0(OLS)http://semarc/name/9970 245 13$aLa madre di Dio :$bTeologia e ascetica del culto mariano. Versione autorizzata dal tedesco di una Clarissa del Monastero di S. M. degli Angeli in Fiesole /$cP. Giustino Albrecht O. S. B. 260 $aTorino [etc.] :$bSocietà Editrice Internazionale,$cstampa 1933. 300 $a180 p. ;$c21 cm. 490 0 $aBiblioteca di ascetica e mistica 650 4$aMaria - Culto.$0(OLS)http://semarc/subject/35061 830 0$aBiblioteca di ascetica e mistica.$0(OLS)http://semarc/title/17176 850 $aSeMil 852 $aSeMil$W1$xVenegono$y1$m3D III 144$j133124$B133124$CSeMilBibl$Z2$F144904 $81 996 $6245$aLa madre di Dio :$bTeologia e ascetica del culto mariano. Versione autorizzata dal tedesco di una Clarissa del Monastero di S. M. degli Angeli in Fiesole$9(OLS)http://semarc/title/261734 996 $6260$aTorino [etc.] :$bSocietà Editrice Internazionale$9(OLS)http://semarc/publisher/31170 LEADER 01091nam a2200253 i 4500 001 000000110965 003 CaOOAMICUS 005 20240408115143.0 008 021227s1970 it u000 u ita u 013 $a83646 040 $aSeMil$bita 100 1 $aManzoni, Alessandro,$d<1785-1873>.$0(OLS)http://semarc/name/1162 245 10$aPoesie e tragedie /$cAlessandro Manzoni ; a cura di Gaetano Trombatore. 260 $aFirenze :$bLa Nuova Italia,$c1970. 300 $aXXVI, 416 p. ;$c21 cm. 500 $aContiene : nota bibliografica . - In preliminari : firma autografa di mons. Poma. 650 4$aManzoni, Alessandro <1785-1873> - Opere.$0(OLS)http://semarc/subject/5030 700 1 $aTrombatore, Gaetano,$d<1900-1994>.$0(OLS)http://semarc/name/6997 850 $aSeMil 852 $aSeMil$W1$xVenegono$y1$m64 25 1 *$j66812$B66812$CSeMilBibl$Z2$F73562 $81 961 $aRecupero: Biblioteca Seminario Liceale 996 $6245$aPoesie e tragedie$9(OLS)http://semarc/title/161376 996 $6260$aFirenze :$bLa Nuova Italia$9(OLS)http://semarc/publisher/30055